| 000 | 00465nam a2200157 a 4500 | ||
|---|---|---|---|
| 001 | 000015957 | ||
| 005 | 20200929164220.0 | ||
| 008 | 100222s1947 dr 000 0 spa d | ||
| 040 |
_aDO-SdBNP _bspa _cBNPHU |
||
| 082 |
_axxx _bD841p |
||
| 100 | 1 |
_aDucoudray, J. H. _917452 |
|
| 245 | 1 |
_aProyecto de código de comercio de la República Dominicana / _cJ. H. Ducoudray. |
|
| 260 |
_aCiudad Trujillo : _bMontalvo, _c1947. |
||
| 300 |
_a199 p. ; _c25 cm. |
||
| 049 | _aBNPD | ||
| 999 |
_c15499 _d15499 |
||